| 000 | 00939nam a22003017a 4500 | ||
|---|---|---|---|
| 001 | 7764 | ||
| 003 | FISKH | ||
| 005 | 20250805101209.0 | ||
| 008 | 250805b cb ||||| |||| 00| 0 eng d | ||
| 020 | _a9780590451604 | ||
| 040 |
_aFISKH _beng _cFISKH _dFISKH |
||
| 050 | _aF4.3 | ||
| 082 | _a974.02 | ||
| 100 | _aMcGovern, Ann | ||
| 245 |
_aLived in Colonial times / _cBy Ann McGovern ; Illustrated by June Otani |
||
| 250 | _aThis edition first published in 1992 | ||
| 260 |
_aNew York : _bScholatic, _c1964 |
||
| 300 |
_a80 pages : _bcolor illustrations ; _c19 x 23 cm |
||
| 505 | _aN | ||
| 520 | _aDescribes what it was like to live in the New England colonies during the years 1565 to 1776. | ||
| 521 | 8 |
_a590
_bLexile |
|
| 521 | 8 |
_aN
_bRaz-Plus |
|
| 650 |
_2American history _aColonial times |
||
| 650 |
_2Thanksgiving _aNew England |
||
| 700 |
_aOtani, June _dillustrator |
||
| 942 |
_2ddc _cBK _n0 |
||
| 999 |
_c7764 _d7764 |
||